| 000 | 00813nam a2200193 a 4500 | ||
|---|---|---|---|
| 008 | 060523s2004 ||||||||||||||||| || u | ||
| 020 | _a9211541492 | ||
| 050 | _aUN-HCHR(02) | ||
| 110 | _aUnited Nations High Commissioner for Human Rights (UNHCHR) | ||
| 245 | 1 | 0 |
_aABC: teaching human rights : practical activities for primary and secondary schools _cby the United Nations High Commissioner for Human Rights (UNHCHR) |
| 260 |
_aNew York: _bUNITED NATIONS _c2004 |
||
| 300 | _a163p.;ill. | ||
| 350 | _a0.00 | ||
| 650 | 0 | _aHUMAN RIGHTS | |
| 650 | _aSCHOOL IMPROVEMENT PROGRAMS | ||
| 650 | _aHUMAN RIGHTS--STUDY AND TEACHING | ||
| 650 | _aRIGHTS | ||
| 995 |
_D0.00 _FCBU-MAIN LIBRARY (Kitwe) _H1 _I0.00 _M1 _UAVAILABLE _WMay 23, 2006 _ZInternational Publications |
||
| 999 |
_c33182 _d33182 |
||